000 01161nam a2200373 i 4500
001 54314
003 KOSZ 005
005 20191003122356.0
008 030826s2003 pl a f f |000 0 pol
015 _aPB 2003/14476
020 _a8372590176
035 _a(OCoLC)749525692
040 _aWA N
_cWA N
_dKOSZ 005/HR
041 0 _apol
046 _k2000
080 _a631.3
080 _a(075.8)
245 0 0 _aMaszyny rolnicze /
_cKazimierz Dreszer [et al.].
250 _aWyd. 2.
260 _aLublin :
_bWydaw. Akademii Rolniczej,
_ccop. 2003.
300 _a261 s. :
_bil. ;
_c24 cm.
380 _aKsiążki.
385 _mPoziom nauczania
_aSzkoły wyższe
388 _a2001-
504 _aBibliogr.
658 _aInżynieria i technika
658 _aRolnictwo i leśnictwo
655 4 _aPodręczniki akademickie
650 4 _aMaszyny i narzędzia rolnicze
700 1 _aDreszer, Kazimierz Andrzej
_d(1943- ).
_eAutor
710 2 _aAkademia Rolnicza w Lublinie.
_bWydawnictwo.
_4pbl.
856 _uhttp://koha.tu.koszalin.pl/cgi-bin/koha/opac-detail.pl?biblionumber=54314
_yKatalog online BPK
942 _2UKD
_cKS
999 _c54314
_d54314